Fechas de la Historia de Chile - Estadísticas

Estadísticas generales
  • Esta prueba ha sido intentada 62 veces
  • La puntuación promedio es 16 de 35
Estadísticas de respuestas
Suceso Histórico Año % Correcto
Comienza la pandemia de COVID-19 2020
94%
Da a lugar el Golpe de Estado dando inicio a la Dictadura Militar de Augusto Pinochet 1973
92%
Da inicio el estallido social 2019
90%
Ocurre el megaterremoto de Valdivia 1960
88%
Se cambia la constitución de 1925 por la actual 1980
86%
Se declara la independencia de Chile 1818
82%
Ocurre la primera junta nacional de gobierno 1810
80%
Da a lugar el retorno a la democracia 1988
78%
Empieza la Guerra del Pacífico 1879
63%
Da a lugar la Reconquista con el fin de la Batalla de Rancagua 1814
59%
Ocurre la Batalla de Chacabuco que da inicio a la Patria Nueva 1817
57%
Ocurre la Matanza de la Escuela Santa María de Iquique 1907
53%
Se da a lugar la Guerra Civil de ____ que culmina con Balmaceda entregando el poder a Baquedano para posteriormente suicidarse 1891
49%
Comienza la República Presidencial 1925
49%
Da inicio a la República Conservadora 1830
47%
Da inicio la República Parlamentaria 1891
45%
Se funda la Universidad de Chile 1842
43%
Comienza la República Liberal 1861
43%
Comienza la conquista de Chiloé 1820
41%
Comienza la Guerra contra la Confederación Perú-Boliviana 1836
41%
Se funda Santiago de Nueva Extremadura 1541
37%
Da lugar la Primera Expedición Antártica Chilena 1947
35%
Diego de Almagro "descubre" Chile 1536
33%
Se anexa la Isla de Pascua/Rapa Nui a Chile 1888
33%
Comienza el Genocidio Selk'nam 1880
29%
Hernando de Magallanes llega al Estrecho de Magallanes 1520
27%
Sucede la Batalla de Tucapel 1553/1554
22%
Inicia la Ocupación de la Araucanía 1861
22%
Comienza la Guerra Hispano-Sudamericana 1865
22%
La Batalla de Reinohuelén da inicio a la Guerra de Arauco 1536
16%
Da lugar la Batalla de Curalaba 1598
14%
Ocurre el Parlamento de Quilín en el que se acuerda un tratado de paz entre españoles y mapuche 1641
14%
Termina la Guerra de Arauco 1656
14%
La Batalla del Maule, en la que incas y mapuche demarcan su frontera 1485
10%
Momificación de la primera Momia Chinchorro encontrada hasta ahora 7020 a.C.
8%
No se encontraron pruebas coincidentes
Distribución de puntuación
Porcentaje de gente con cada puntuación
Porcentaje por número respondido
Historial de tus puntuaciones
No has intentado esta prueba.